000 00684 a2200217 4500
999 _c7769
_d7769
020 _a9788131723685
050 _aHF 5686 COS 2009
100 _aHorngren, Charles T.
_eauthor
245 _aCost accounting :
_ba managerial emphasis /
_cCharles T. Horngren ... [et al.]
250 _aThirteenth edition
264 _aNew Delhi:
_bPearson Prentice Hall,
_c2009.
300 _a1018p. :
500 _aIncludes index
650 _aCost accounting
700 _aHorngren, Charles T.
_eauthor
700 _aDatar, Srikant M.
_eauthor
700 _aFoster, George
_eauthor
700 _aRajan, Madhav V.
700 _aIttner, Christopher
_eauthor
942 _2lcc
_cBK
_e13th
_h5686
_iCOS
_kHF